| 000 | 00562nam a2200193Ia 4500 | ||
|---|---|---|---|
| 003 | LDD | ||
| 008 | 181029s9999 xx 000 0 und d | ||
| 020 |
_a826460720 _c _155.00 |
||
| 040 | _cLDD | ||
| 100 | _aHighmore, Ben | ||
| 245 | 0 |
_aMichel de Certeau analysing culture _cBen Highmore |
|
| 260 |
_aLondon _bContinuum International Publishing _c2006 |
||
| 300 | _axii, 188p. | ||
| 365 |
_b _155.00 |
||
| 901 |
_a5638 _b01-02-2010 |
||
| 902 |
_a466 _b08-02-2010 _cF _dBBS _e42 |
||
| 903 |
_aDiscount-15 _bReqst by : Nandini Sahu |
||
| 942 |
_2ddc _cBK |
||
| 999 |
_c89078 _d89078 |
||